000 01257pam a2200337 a 4500
005 20260322212051.0
008 data
010 _a 83060796
020 _a0895771691 :
_c{dollar}21.50
020 _a9780895771698 :
_c{dollar}21.50
040 _aDLC
_cDLC
_dDLC
042 _alcac
050 0 0 _aQH45.5
_b.A23 1984
082 0 0 _a508
_219
092 _a508 A23 1984
245 1 0 _aABC's of nature :
_ba family answer book.
_cReader's Digest Association.
260 _aPleasantville, N.Y. :
_bReader's Digest Association,
_cc1984.
300 _a336 p. :
_bill. (some col.) ;
_c29 cm.
500 _aAt head of title: Reader's digest.
500 _aIncludes index.
520 _aAnswers questions about the physical world, its plants and animals, and the adaptations and interactions of plants and animals in various environments such as deserts, mountains, and seashores.
650 0 _aNatural history
_xMiscellanea.
650 1 _aNatural history
_xMiscellanea.
650 1 _aQuestions and answers.
720 2 _aReader's Digest Association.
730 0 _aReader's digest.
740 0 _aA B C's of nature.
906 _a7
_bcbc
_corignew
_d1
_eopcn
_f19
_gy-gencatlg
991 _bc-GenColl
_hQH45.5
_i.A23 1984
_p00001895746
_tCopy 1
_wBOOKS
001 data
999 _c1208
_d1208